Normal view MARC view
  • PHARMACY

Entry Topical Term

Number of records used in: 1

001 - CONTROL NUMBER

  • control field: 8833

003 - CONTROL NUMBER IDENTIFIER

  • control field: JRU

005 - DATE AND TIME OF LATEST TRANSACTION

  • control field: 20251126175042.0

008 - FIXED-LENGTH DATA ELEMENTS

  • fixed length control field: 251126|| aca||aabn | a|a d

040 ## - CATALOGING SOURCE

  • Original cataloging agency: JRU
  • Transcribing agency: JRU

150 ## - HEADING--TOPICAL TERM

  • Topical term or geographic name as entry element: PHARMACY
  • General subdivision: B. PHARMA[SEM

670 ## - SOURCE DATA FOUND

  • Source citation: Work cat.: (JRU)8914: DHIVAR, MRS MAUSMI HIREN 8742, A TEXTBOOK OF PHARMACEUTICAL ANALYSIS FOR 1ST YEAR. B. PHARMA[SEM-1], 2023